| 000 | 00415nam a2200157Ia 4500 | ||
|---|---|---|---|
| 008 | 210210b2001 xxu||||| |||| 00| 0 eng d | ||
| 020 | _a0 7637 1067 9 | ||
| 082 | _a576 ALCF | ||
| 100 | _aALCAMO (Edward I). | ||
| 245 | _aFundamentals of microbiology. | ||
| 260 |
_aLondon. _bJones and Bartlett Publishers., _c2001 |
||
| 300 | _axxii,I-26 | ||
| 650 | _amicrobiology | ||
| 690 | _aMicrobiology | ||
| 906 | _a057283 | ||
| 999 |
_c104406 _d104406 |
||